00497nam a2200169 a 4500008004100000020001500041050001500056100001900071245008400090260004000174350000900214650001900223650002500242650002200267700001700289700002100306120416s1991 ||||||||||||||||| || u a0198596855 aQA 313 Erg aKeane, Michael10aErgodic theory, symbolic dynamics, and hyperbolic spacescedited by Tim Bedford aOxford:bThe University Pressc1991 a0.00 aERGODIC THEORY aGeometry, Hyperbolic aSymbolic dynamics aBedford, Tim aSeries, Caroline